000 00740nam a2200217 a 4500
005 2009083104304.0
008 060731s1999 nyua b 000 0 eng d
010 _aENG-94998
020 _a9788190730464
_c500.00
035 _aEN-78531
037 _bDBAD / PUB
040 _adpl
_bEnglish
082 _a170
100 _aVinod Kumari
245 _aIssues in applied ethics /
_cby Vinod Kumari
260 _aNew Delhi
_bSatyam Publishing House
_c2008
270 _aN-3/25, Mohan Garden,
_bNew Delhi
_e110059
300 _a224p.
_c24cm(Hb)
942 _2ddc
_cEN
_mVIN
_h170
999 _c29855
_d29855